| 000 | 01220nam a2200265Ia 4500 | ||
|---|---|---|---|
| 999 |
_c5229 _d5229 |
||
| 003 | OSt | ||
| 005 | 20200507120625.0 | ||
| 008 | 191128s1983 ck gr 000 0 spa d | ||
| 020 | _a8482771035 | ||
| 040 |
_aCO-JMCR _cCO-JMCR |
||
| 041 | 0 | _aspa | |
| 082 | 0 | 4 |
_a327.172 / _bV999n _223 |
| 100 | 1 |
_aVázquez Carrizosa, Alfredo, _eautor _94089 |
|
| 245 | 1 | 4 |
_aLos no alineados : _buna estrategia política para la paz en la era atómica / _cAlfredo Vázquez Carrizosa |
| 250 | _aPrimera edición | ||
| 260 |
_aBogotá : _bCarlos Valencia editores, _c1983 |
||
| 300 |
_a185 páginas ; _c20 cm. |
||
| 505 | 0 | _aLas condiones de la guerra y de la paz hasta 1914 -- La trágica experiencia de las dos guerras mundiales -- La bipolaridad en la era atómica -- Neocolonialismo, armentismo y política de bloques -- El pensamiento fundamental del movimiento | |
| 520 | _aLa guerra significaría hoy el total aniquilamiento de la humanidad. Las antiguas armas han sido sustituidas por la ovijas nucleares, capaces de destruir una ciudad en pocos segundos. | ||
| 650 | 1 | 4 |
_aPaz _94090 |
| 650 | 1 | 4 |
_aDesarme _9575 |
| 650 | 1 | 4 |
_aPaíses no alineados _94045 |
| 650 | 1 | 4 |
_aArbitramiento internacional _94091 |
| 942 |
_2ddc _cBK |
||